01274nam a22003257a 4500003000500000005001700005008004100022010001100063011001100074020001500085035001100100040000900111082002200120245013400142260009900276300002400375590004100399590004100440590004100481590004200522650003200564650002900596700003300625700003800658901000700696942001000703949007400713999001900787952014200806CHAP20220329143731.0110429s1992 th a r 00010 eng d a101086 a102058 a9745874981 a112746 cCHAP04a615.32109593bT3200aThai medicinal plants :brecommended for primary health care systemc/editado por Norman R. Farnsworth, Nuntavan Bunyapraphatsara aBangkok :bMedicinal Plants Information Center, Faculty of Pharmacy, Mahidol University,c1992 alX, 402 p. :bilus. aBATCH-UPDb10c20130110lUCH01h1117 aBATCH-UPDb10c20130410lUCH01h0707 aBATCH-UPDb10c20130914lUCH01h0744 aCONVERSIONb10c20130109lUCH01h135614aBotánica médica.91468014aMateria médica.9729290 aFarnsworth, Norman R.9397841 aBunyapraphatsara, Nuntavan916088 aBK cLIBRO a615.32109593 T32bBCcLIBROd33724002254173eLIBROh114815i112746sb c101086d101086 00102ddc4052708GRALaBCbBCcPP_GRALd2019-12-31fLIBROl0o615.32109593 T32p33724002254173r2019-12-31 00:00:00w2019-12-31yLIBRO